MARKETING MANAGEMENT A SOUTH ASIAN PERSP (Record no. 13282)

MARC details
000 -LEADER
fixed length control field 00368nam a2200133Ia 4500
008 - FIXED-LENGTH DATA ELEMENTS--GENERAL INFORMATION
fixed length control field 240624s9999 xx 000 0 und d
041 ## - LANGUAGE CODE
Language code of text/sound track or separate title eng
082 ## - DEWEY DECIMAL CLASSIFICATION NUMBER
Classification number 658.8 KOT
100 ## - MAIN ENTRY--PERSONAL NAME
Personal name KOTLER PHILIP
245 ## - TITLE STATEMENT
Title MARKETING MANAGEMENT A SOUTH ASIAN PERSP
250 ## - EDITION STATEMENT
Edition statement (13th ed.)
260 ## - PUBLICATION, DISTRIBUTION, ETC.
Date of publication, distribution, etc. 2009
Place of publication, distribution, etc. New Delhi
Name of publisher, distributor, etc. Pearson Prentice Hall
300 ## - PHYSICAL DESCRIPTION
Extent xlvii, : 647 : p. : cm. ; 27
Holdings
Withdrawn status Lost status Damaged status Not for loan Home library Current library Shelving location Date acquired Full call number Barcode Date last seen Price effective from Koha item type
Store Books       IMTN IMTN Rack 32-B 06/05/2009 658.8 KOT 13282 06/24/2024 06/24/2024 Books
Designed & Maintained by: LRC IMT Nagpur Contact: lrc@imtnag.ac.in© 2024. All Rights Reserved.